Phương trình hàm D'Alembert và các vấn đề liên quan
Trình bày đặc trưng một số phương trình hàm sơ cấp, vài nét về lịch sử giải phương trình hàm, cơ sở lý thuyết. Trình bày định nghĩa phương trình hàm D’Alembert; các định lý và mệnh đề về nghiệm của phương trình hàm D’Alembert và một số bài tập. Trình bày định nghĩa phương trình hàm lượng giác; các đ...
Kaydedildi:
| Yazar: | |
|---|---|
| Diğer Yazarlar: | |
| Materyal Türü: | Kitap |
| Dil: | Vietnamese |
| Baskı/Yayın Bilgisi: |
Đà Nẵng
Đại học Đà Nẵng
2015
|
| Konular: | |
| Etiketler: |
Etiketle
Etiket eklenmemiş, İlk siz ekleyin!
|
| Thư viện lưu trữ: | Mạng thư viện Đại học Đà Nẵng |
|---|
| LEADER | 01905nam a2200337 4500 | ||
|---|---|---|---|
| 001 | 000023311 | ||
| 003 | 19761 | ||
| 005 | 20151201151211.0 | ||
| 008 | 150915s2015 viesd | ||
| 041 | |a vie | ||
| 082 | 1 | 4 | |a 515.25 |b TR-L |
| 100 | 1 | |a Trương Thị Thùy Linh | |
| 245 | 1 | |a Phương trình hàm D'Alembert và các vấn đề liên quan |c Trương Thị Thùy Linh ; Cao Văn Nuôi hướng dẫn. |k Luận văn Thạc sĩ | |
| 260 | |a Đà Nẵng |b Đại học Đà Nẵng |c 2015 | ||
| 300 | |a 64 tr., phụ lục 3 tr. |c 29 cm. |e Tóm tắt | ||
| 500 | |a Luận văn thạc sĩ Khoa học. Chuyên ngành: Phương pháp toán sơ cấp. Mã số: 60.46.01.13 | ||
| 520 | 3 | |a Trình bày đặc trưng một số phương trình hàm sơ cấp, vài nét về lịch sử giải phương trình hàm, cơ sở lý thuyết. Trình bày định nghĩa phương trình hàm D’Alembert; các định lý và mệnh đề về nghiệm của phương trình hàm D’Alembert và một số bài tập. Trình bày định nghĩa phương trình hàm lượng giác; các định lý và mệnh đề về nghiệm của phương trình hàm D’Alembert và một số bài tập. | |
| 650 | 0 | 4 | |a Phương trình hàm (toán học) |v Luận văn tốt nghiệp |x Nghiên cứu |
| 653 | |a Phương trình hàm D'Alembert | ||
| 653 | |a Phương pháp toán sơ cấp | ||
| 700 | 1 | |a Cao Văn Nuôi |c TS. |e Hướng dẫn | |
| OWN | |a LSP | ||
| AVA | |a UDN50 |b LSP |d 515.25 TR-L |e available |t Error 5001 Not defined in file expand_doc_bib_avail. |f 1 |g 0 |h N |i 0 |k 1 | ||
| 999 | |a From the UDN01 | ||
| AVA | |a UDN50 |b LSP |d 515.25 TR-L |e available |t Error 5001 Not defined in file expand_doc_bib_avail. |f 1 |g 0 |h N |i 0 |k 1 | ||
| TYP | |a Monograph | ||
| TYP | |a Printed language | ||
| 980 | |a Mạng thư viện Đại học Đà Nẵng | ||